Readings /
Uložené v:
| Hlavný autor: | |
|---|---|
| Médium: | Kniha |
| Jazyk: | English |
| Vydané: |
St. Paul :
Graywolf Press,
c1999
|
| Vydanie: | [1st ed.] |
| Témy: | |
| ISBN: |
1555972837 (brož.) |
| Fyzický popis: |
263 s. ; 23 cm |
| Tagy: |
Pridať tag
Žiadne tagy, Buďte prvý kto otaguje tento záznam!
|
Titul je dostupný aj v ... 

MARC
| LEADER | 00000nam a2200000 a 4500 | ||
|---|---|---|---|
| 001 | 000000078 | ||
| 005 | 20040309131833.0 | ||
| 008 | 040218s1999 xxu j engo | ||
| 020 | |a 1555972837 (brož.) | ||
| 040 | |a SVKKK |b slo |c SVKKK |e AACR2 | ||
| 041 | 0 | |a eng | |
| 044 | |a xxu |c US | ||
| 072 | 7 | |a 821.111(73) |x Americká literatúra |2 konspekt | |
| 080 | |a 821.111(73)-4 |2 1997 | ||
| 080 | |a (0:82-4) |2 1997 | ||
| 100 | 1 | |a Birkerts, Sven |4 aut | |
| 245 | 1 | 0 | |a Readings / |c Sven Birkerts |
| 250 | |a [1st ed.] | ||
| 260 | |a St. Paul : |b Graywolf Press, |c c1999 | ||
| 300 | |a 263 s. ; |c 23 cm | ||
| 650 | 0 | 7 | |a americká literatúra |2 SVKKKPH |
| 655 | 7 | |a eseje |2 SVKKKPH | |
| 655 | 7 | |a umelecká literatúra |2 SVKKKPH | |
| 919 | |a 1-55597-283-7 | ||
| 998 | |a BK | ||
| 090 | |g SCKUS |k Americké centrum |a IV.190061 |j 959499 |i 2720020331 |4 dar-výmena |s Vyradená | ||